000
00345 a2200157 4500
001
47506
020
_a
9788536642772
040
_c
Anchieta - Aquarius
100
_a
Heine, Palmira
240
1
0
_a
O autor é você
_l
por
245
1
0
_a
O autor é você
300
_a
24p.
362
0
_a
2015
650
4
_a
Literatura infanto-juvenil
942
_c
BK
999
_c
47506
_d
47506